LEADER 01546nam 2200385 a 450 001 9910692693603321 005 20040729140816.0 035 $a(CKB)5470000002354524 035 $a(OCoLC)56053754 035 9 $aocm56053754 035 $a(OCoLC)995470000002354524 035 $a(EXLCZ)995470000002354524 100 $a20040729d2004 ua 0 101 0 $aeng 135 $aurmn|||||| 181 $ctxt$2rdacontent 182 $cc$2rdamedia 183 $acr$2rdacarrier 200 10$aIntercity passenger rail$b[electronic resource] $eAmtrak's management of northeast corridor improvements demonstrates need for applying best practices : report to the Chairman, Committee on Commerce, Science, and Transportation, U.S. Senate 210 1$a[Washington, D.C.] :$cU.S. General Accounting Office,$d[2004] 300 $aTitle from title screen (viewed on July 23, 2004). 300 $a"February 2004." 300 $aPaper version available from: U.S. General Accounting Office, 441 G St., NW, Rm. LM, Washington, D.C. 20548. 300 $a"GAO-04-94." 320 $aIncludes bibliographical references. 517 $aIntercity passenger rail 606 $aRailroads$zNortheastern States$xPassenger traffic$xManagement 615 0$aRailroads$xPassenger traffic$xManagement. 712 02$aUnited States.$bCongress.$bSenate.$bCommittee on Commerce, Science, and Transportation. 801 0$bGPO 801 1$bGPO 906 $aBOOK 912 $a9910692693603321 996 $aIntercity passenger rail$93428335 997 $aUNINA